000 01075nmm a2200313 a 4500
001 ocm0002145874
003 TR-IsHL
005 20201028184304.0
008 181215s2016 tu tur
007 cr cn
020 _a9786059641050
035 _a2145874
_b(N$T)
050 0 4 _aPR6113.A47
_bT4819 2016
090 0 4 _aPR6113.A47
_bT4819 2016
100 1 _aMalpas, Jodi Ellen
245 1 0 _aBu adamın itirafları
_h[electronic resource] /
_cJodi Ellen Malpas ; editör Aylin Karagöz ; çeviren Elif Çimen
250 _a1. Baskı
260 _aİstanbul :
_bAspendos Yayıncılık,
_c2016
300 _a541 p.
500 _aeserin orijinal adı: This Man Confessed
650 4 _aDil ve Edebiyat
650 4 _aLanguage and Literature
650 0 _aİngiliz romanı
650 0 _aEnglish fiction
650 7 _aLITERARY COLLECTIONS / European / English, Irish, Scottish, Welsh
_2bisacsh
700 1 _aKaragöz, Aylin
700 1 _aÇimen, Elif
856 4 0 _uhttp://search.ebscohost.com/login.aspx?direct=true&scope=site&db=e011xww&AN=2145874
999 _c20931
_d20931